|
|
|
|
| LEADER |
01398nam a2200277 a 4500 |
| 001 |
13638341 |
| 008 |
110731s2005 mnua b 001 0 eng |
| 010 |
|
|
|a 2004015059
|
| 020 |
|
|
|a 0816641927 (hc : alk. paper)
|
| 020 |
|
|
|a 0816641935 (pb : alk. paper)
|
| 040 |
|
|
|a DLC
|c DLC
|d DLC
|d BD-DhAAL
|
| 042 |
|
|
|a pcc
|
| 082 |
0 |
4 |
|a 303.61
|2 22
|
| 100 |
1 |
|
|a Schock, Kurt,
|d 1963-
|
| 245 |
1 |
0 |
|a Unarmed insurrections :
|b people power movements in nondemocracies /
|c Kurt Schock.
|
| 260 |
|
|
|a Minneapolis :
|b University of Minnesota Press,
|c c2005.
|
| 300 |
|
|
|a xxvi, 228 p. :
|b ill. ;
|c 23 cm.
|
| 490 |
0 |
|
|a Social movements, protest, and contention ;
|v v. 22
|
| 504 |
|
|
|a Includes bibliographical references (p. 185-210) and index.
|
| 541 |
|
|
|e 00023262
|
| 505 |
0 |
|
|a From "people's war" to "people power"? -- Political process and nonviolent action approaches to political contention -- People power unleashed : South Arica and the Philippines -- People power suppressed : Burma and China -- Challenging monarchies and militaries : people power in Nepal and Thailand -- Trajectories of unarmed insurrections.
|
| 650 |
|
0 |
|a Nonviolence.
|
| 650 |
|
0 |
|a Social movements.
|
| 852 |
1 |
|
|a Ayesha Abed Library
|c General Shelf.
|
| 999 |
|
|
|c 11155
|d 11155
|
| 952 |
|
|
|0 0
|1 0
|2 ddc
|4 0
|6 303_610000000000000_SCH
|7 0
|9 17706
|a BRACUL
|b BRACUL
|c GEN
|d 2011-07-26
|l 1
|o 303.61 SCH
|p 3010023262
|r 2025-03-16
|s 2025-03-09
|t 1
|w 2011-08-01
|y BK
|